| 000 -LEADER |
| fixed length control field |
00720nam a22001937a 4500 |
| 005 - DATE AND TIME OF LATEST TRANSACTION |
| control field |
20240530155439.0 |
| 008 - FIXED-LENGTH DATA ELEMENTS--GENERAL INFORMATION |
| fixed length control field |
240530s2012 enk||||| |||| 00| 0 eng d |
| 020 ## - INTERNATIONAL STANDARD BOOK NUMBER |
| International Standard Book Number |
9781781955956x |
| 041 ## - LANGUAGE CODE |
| Language code of text/sound track or separate title |
eng |
| 080 ## - UNIVERSAL DECIMAL CLASSIFICATION NUMBER |
| Universal Decimal Classification number |
338.48 H-22 |
| 245 ## - TITLE STATEMENT |
| Title |
Handbook of Research Methods in Tourism: |
| Remainder of title |
Quantitative and Qualitative Approaches / |
| 264 ## - PRODUCTION, PUBLICATION, DISTRIBUTION, MANUFACTURE, AND COPYRIGHT NOTICE |
| Place of production, publication, distribution, manufacture |
Cheltenham : |
| Name of producer, publisher, distributor, manufacturer |
Edward Elgar Publishing |
| Date of production, publication, distribution, manufacture, or copyright notice |
2012. |
| 300 ## - PHYSICAL DESCRIPTION |
| Extent |
514 p.; |
| Other physical details |
25 cm. |
| 653 ## - INDEX TERM--UNCONTROLLED |
| keyword |
ტურიზმის კვლევის მეთოდები |
| 700 ## - ADDED ENTRY--PERSONAL NAME |
| Personal name |
Dwyer, Larry |
| Relator term |
რედაქტორი |
| 9 (RLIN) |
15943 |
| 700 ## - ADDED ENTRY--PERSONAL NAME |
| Personal name |
Gill, Alison |
| Relator term |
რედაქტორი |
| 9 (RLIN) |
15944 |
| 700 ## - ADDED ENTRY--PERSONAL NAME |
| Personal name |
Seetaram, Neelu |
| Relator term |
რედაქტორი |
| 9 (RLIN) |
22247 |
| 942 ## - ADDED ENTRY ELEMENTS (KOHA) |
| Source of classification or shelving scheme |
|
| Koha item type |
წიგნი |